005890000a22001810004500090001300000100003900013700004400052245010800096044001100204041001400215690002700229690002400256690001900280651002000299942001300319773005800332999001700390 aSERIADAS1 aMueses Cisneros, John Jairo9348191 aAnganoy Criollo, Marvin Alfredo910071310aNueva especie del grupo Hyloscirtus Larinopygion (Amphibi: Anura: Hylidae) del suroccidente de Colombia aBrasil0 aEspañol aNuevas especies992905 aMorfología992917 aAnuros9100647 4dNariño992749 cARTICULO1 tPapéis avulsos de zoologíah15q129-138d2008g48 c16383d16383